[Event "9.Open Internacional de Sants"]
[Site "Barcelona ESP"]
[Date "2007.09.01"]
[Round "9.8"]
[White "Sulskis, Sarunas"]
[Black "Cuartas, Jaime Alexander"]
[Result "1/2-1/2"]
[WhiteElo "2537"]
[BlackElo "2504"]
[PlyCount "65"]
[EventDate "2007.08.24"]
[EventType "swiss"]
[EventRounds "10"]
[EventCountry "ESP"]
[Source "lmi"]
[SourceDate "2007.08.24"]

1. e4 c6 2. d4 d5 3. e5 Bf5 4. Nc3 a6 5. g4 Bd7 6. f4 h5 7. gxh5 Nh6 8. Nge2
Bg4 9. Be3 e6 10. Qd2 Bxh5 11. Ng3 Bg4 12. h3 Bf5 13. Na4 Nd7 14. Bf2 Bg6 15.
O-O-O Be7 16. Kb1 Qc7 17. Ka1 b5 18. Nc5 Nxc5 19. dxc5 Qa7 20. Bd3 Bxd3 21.
cxd3 O-O-O 22. f5 Nxf5 23. Nxf5 exf5 24. Rhg1 Rdg8 25. e6 fxe6 26. Rde1 Qd7 27.
Qa5 Bf6 28. Rxe6 Qxe6 29. Qxa6+ Kd8 30. Qb6+ Kc8 31. Qa6+ Kd8 32. Qb6+ Kc8 33.
Qa6+ 1/2-1/2

[Event "9.Open Internacional de Sants"]
[Site "Barcelona ESP"]
[Date "2007.09.01"]
[Round "9.9"]
[White "Gonzalez, Renier"]
[Black "Marin, Mihail"]
[Result "0-1"]
[WhiteElo "2456"]
[BlackElo "2533"]
[PlyCount "36"]
[EventDate "2007.08.24"]
[EventType "swiss"]
[EventRounds "10"]
[EventCountry "ESP"]
[Source "lmi"]
[SourceDate "2007.08.24"]

1. e4 d6 2. d4 Nf6 3. Nc3 g6 4. h3 Bg7 5. Be3 O-O 6. f4 c5 7. dxc5 Qa5 8. Qf3
Nxe4 9. Nge2 Nxc3 10. Bd2 Nc6 11. Bxc3 Nb4 12. cxd6 Nxc2+ 13. Kd2 Bxc3+ 14.
Qxc3 Qd5+ 15. Kxc2 Bf5+ 16. Kc1 Rfc8 17. dxe7 Rxc3+ 18. bxc3 Qd6 0-1

[Event "9.Open Internacional de Sants"]
[Site "Barcelona ESP"]
[Date "2007.09.01"]
[Round "9.10"]
[White "White, Michael J R"]
[Black "Luther, Thomas"]
[Result "0-1"]
[WhiteElo "2246"]
[BlackElo "2529"]
[PlyCount "92"]
[EventDate "2007.08.24"]
[EventType "swiss"]
[EventRounds "10"]
[EventCountry "ESP"]
[Source "lmi"]
[SourceDate "2007.08.24"]

1. e4 e6 2. d4 d5 3. Nd2 c5 4. Ngf3 cxd4 5. Nxd4 Nc6 6. Bb5 Bd7 7. Nxc6 Bxc6 8.
Bxc6+ bxc6 9. c4 dxe4 10. Nxe4 Qxd1+ 11. Kxd1 Nf6 12. Nxf6+ gxf6 13. Be3 Rg8
14. g3 c5 15. h3 Kd7 16. Kc2 Kc6 17. Rad1 Be7 18. Rd3 Rgd8 19. Rhd1 Rxd3 20.
Rxd3 f5 21. Ra3 a6 22. Ra5 h5 23. Kd3 Bd6 24. Ke2 f6 25. Kd3 Bc7 26. Ra4 h4 27.
gxh4 f4 28. Bc1 f5 29. Ke2 e5 30. b3 Kb7 31. Ba3 Rh8 32. Bxc5 Rxh4 33. b4 Rxh3
34. b5 axb5 35. cxb5 Rc3 36. Ba7 Rc2+ 37. Kd3 Rb2 38. Kc4 f3 39. Ra6 f4 40. a4
e4 41. Bd4 e3 42. Rh6 Rxf2 43. b6 Rc2+ 44. Kd3 Rd2+ 45. Ke4 f2 46. Rh1 Rxd4+
0-1

[Event "9.Open Internacional de Sants"]
[Site "Barcelona ESP"]
[Date "2007.09.01"]
[Round "9.11"]
[White "Vila Gazquez, Javier"]
[Black "Salgado Lopez, Ivan"]
[Result "0-1"]
[WhiteElo "2429"]
[BlackElo "2456"]
[PlyCount "38"]
[EventDate "2007.08.24"]
[EventType "swiss"]
[EventRounds "10"]
[EventCountry "ESP"]
[Source "lmi"]
[SourceDate "2007.08.24"]

1. e4 c5 2. Nf3 e6 3. Nc3 a6 4. d4 cxd4 5. Nxd4 Qc7 6. Bd3 Nf6 7. O-O d6 8. Kh1
Be7 9. f4 Nbd7 10. Qf3 b5 11. a4 b4 12. Na2 Bb7 13. Nb3 O-O 14. Bd2 a5 15. c3
Nc5 16. Nxc5 dxc5 17. Rad1 Rfd8 18. Bc2 b3 19. Bxb3 Bxe4 0-1

[Event "9.Open Internacional de Sants"]
[Site "Barcelona ESP"]
[Date "2007.09.01"]
[Round "9.12"]
[White "Corrales Jimenez, Fidel"]
[Black "Sulashvili, Malkhaz"]
[Result "1-0"]
[WhiteElo "2499"]
[BlackElo "2437"]
[PlyCount "99"]
[EventDate "2007.08.24"]
[EventType "swiss"]
[EventRounds "10"]
[EventCountry "ESP"]
[Source "lmi"]
[SourceDate "2007.08.24"]

1. e4 c6 2. d4 d5 3. Nc3 dxe4 4. Nxe4 Bf5 5. Ng3 Bg6 6. h4 h6 7. Nf3 Nd7 8. h5
Bh7 9. Bd3 Bxd3 10. Qxd3 e6 11. Bf4 Qa5+ 12. Bd2 Qc7 13. O-O-O Ngf6 14. Ne4
O-O-O 15. g3 Nxe4 16. Qxe4 Nf6 17. Qe2 Bd6 18. c4 c5 19. Bc3 cxd4 20. Bxd4 Bc5
21. Bxc5 Qxc5 22. Ne5 Qc7 23. Kb1 Rxd1+ 24. Rxd1 Rd8 25. Rc1 Rd4 26. f4 Qa5 27.
Qe3 Rd6 28. c5 Ra6 29. a3 Nd5 30. Qe2 Qc7 31. c6 Rxc6 32. Nxc6 bxc6 33. Qg4 f5
34. Qe2 Kd7 35. Rh1 Nf6 36. Re1 Ne4 37. Qe3 Qb6 38. Qd3+ Ke7 39. g4 Qa5 40. Rd1
Qd5 41. Qc2 Qc5 42. Qd3 Qd5 43. Qe2 Qc5 44. gxf5 exf5 45. Qa6 Nd6 46. Qd3 a5
47. Qg3 Ne8 48. Qe1+ Kf7 49. Rd7+ Kf6 50. Qxe8 1-0

[Event "9.Open Internacional de Sants"]
[Site "Barcelona ESP"]
[Date "2007.09.01"]
[Round "9.13"]
[White "Picard, Romain"]
[Black "Bromberger, Stefan"]
[Result "1/2-1/2"]
[WhiteElo "2309"]
[BlackElo "2500"]
[PlyCount "45"]
[EventDate "2007.08.24"]
[EventType "swiss"]
[EventRounds "10"]
[EventCountry "ESP"]
[Source "lmi"]
[SourceDate "2007.08.24"]

1. e4 b6 2. d4 Bb7 3. Bd3 e6 4. Ne2 Ne7 5. O-O g6 6. Nd2 Bg7 7. f4 f5 8. c3 O-O
9. Ng3 Nbc6 10. Nf3 fxe4 11. Nxe4 Nd5 12. Nfg5 h6 13. Nh3 Nce7 14. Qg4 Qe8 15.
Bd2 Nf5 16. Rae1 Qf7 17. Nhf2 Rae8 18. Qh3 d6 19. Ng4 a6 20. Ng3 Kh7 21. Ne4
Kg8 22. Ng3 Kh7 23. Ne4 1/2-1/2

[Event "9.Open Internacional de Sants"]
[Site "Barcelona ESP"]
[Date "2007.09.01"]
[Round "9.14"]
[White "Oms Fuentes, Lluis"]
[Black "Cornette, Matthieu"]
[Result "1/2-1/2"]
[WhiteElo "2336"]
[BlackElo "2487"]
[PlyCount "72"]
[EventDate "2007.08.24"]
[EventType "swiss"]
[EventRounds "10"]
[EventCountry "ESP"]
[Source "lmi"]
[SourceDate "2007.08.24"]

1. e4 e5 2. Nc3 Nf6 3. Bc4 Nc6 4. d3 Bc5 5. Nf3 d6 6. h3 Na5 7. a3 Nxc4 8. dxc4
a6 9. Qd3 h6 10. Be3 Bxe3 11. Qxe3 Qe7 12. g4 b5 13. Nd5 Nxd5 14. cxd5 Bb7 15.
b3 c6 16. c4 bxc4 17. bxc4 cxd5 18. cxd5 a5 19. Kf1 g6 20. Rd1 Kf8 21. Rg1 Kg7
22. Kg2 Rac8 23. Rc1 h5 24. g5 Rxc1 25. Rxc1 Rc8 26. Rxc8 Bxc8 27. Qc3 Qd7 28.
Ng1 Qd8 29. Qd2 Qc7 30. Qe3 Qc4 31. Qf3 Ba6 32. Kh2 Kg8 33. Qe3 Qd3 34. Qb6 Qf1
35. Qd8+ Kh7 36. Qf6 Kg8 1/2-1/2

[Event "9.Open Internacional de Sants"]
[Site "Barcelona ESP"]
[Date "2007.09.01"]
[Round "9.15"]
[White "Akesson, Ralf"]
[Black "Lorenzo De La Riva, Lazaro"]
[Result "1/2-1/2"]
[WhiteElo "2477"]
[BlackElo "2332"]
[PlyCount "67"]
[EventDate "2007.08.24"]
[EventType "swiss"]
[EventRounds "10"]
[EventCountry "ESP"]
[Source "lmi"]
[SourceDate "2007.08.24"]

1. Nf3 Nf6 2. c4 c6 3. d4 d5 4. e3 a6 5. Bd3 g6 6. O-O Bg7 7. b3 O-O 8. Bb2 Bg4
9. h3 Bxf3 10. Qxf3 b5 11. Rd1 Nbd7 12. Nd2 Qb8 13. Rab1 e5 14. cxd5 Nxd5 15.
Be4 N7b6 16. Rbc1 Rc8 17. dxe5 Bxe5 18. Bxd5 Nxd5 19. Bxe5 Qxe5 20. Ne4 a5 21.
Nc5 f5 22. Rd4 a4 23. bxa4 b4 24. Nd3 Qc7 25. Rcc4 Rab8 26. e4 Nb6 27. Rc5 Nd7
28. Rc1 c5 29. Rdc4 Rf8 30. Nxc5 Ne5 31. Qb3 Nxc4 32. Rxc4 Kh8 33. Qb2+ Kg8 34.
Qb3 1/2-1/2

[Event "9.Open Internacional de Sants"]
[Site "Barcelona ESP"]
[Date "2007.09.01"]
[Round "9.16"]
[White "Hernandez, Ivan"]
[Black "Gonzalez Vidal, Yuri"]
[Result "1/2-1/2"]
[WhiteElo "2281"]
[BlackElo "2475"]
[PlyCount "99"]
[EventDate "2007.08.24"]
[EventType "swiss"]
[EventRounds "10"]
[EventCountry "ESP"]
[Source "lmi"]
[SourceDate "2007.08.24"]

1. d4 Nf6 2. c4 e6 3. Nf3 b6 4. Bf4 Bb7 5. e3 Be7 6. h3 c5 7. dxc5 bxc5 8. Nc3
O-O 9. Be2 d6 10. O-O Qb6 11. Qc2 Rd8 12. Rad1 Nc6 13. Rd2 Rd7 14. Rfd1 Rad8
15. Qb1 h6 16. Nb5 d5 17. cxd5 exd5 18. Nc3 d4 19. exd4 cxd4 20. Ne4 Nb4 21.
Nxf6+ Bxf6 22. a3 d3 23. axb4 dxe2 24. Rxd7 exd1=Q+ 25. Qxd1 Rxd7 26. Qxd7 Qxb4
27. Be5 Bxe5 28. Qe8+ Qf8 29. Qxe5 Bxf3 30. gxf3 Qd8 31. Kg2 g6 32. b4 Qg5+ 33.
Qxg5 hxg5 34. f4 gxf4 35. Kf3 g5 36. Kg4 f6 37. h4 gxh4 38. Kxh4 Kf7 39. Kg4
Ke6 40. Kxf4 Kd5 41. Kf5 Kc4 42. Kxf6 Kxb4 43. f4 a5 44. f5 a4 45. Ke6 a3 46.
f6 a2 47. f7 a1=Q 48. f8=Q+ Kb3 49. Qb8+ Kc2 50. Qh2+ 1/2-1/2

[Event "9.Open Internacional de Sants"]
[Site "Barcelona ESP"]
[Date "2007.09.01"]
[Round "9.17"]
[White "Bruned, Yvain"]
[Black "Libiszewski, Fabien"]
[Result "1/2-1/2"]
[WhiteElo "2307"]
[BlackElo "2462"]
[PlyCount "59"]
[EventDate "2007.08.24"]
[EventType "swiss"]
[EventRounds "10"]
[EventCountry "ESP"]
[Source "lmi"]
[SourceDate "2007.08.24"]

1. e4 e6 2. d4 d5 3. Nd2 Nf6 4. e5 Nfd7 5. Bd3 c5 6. c3 Nc6 7. Ne2 cxd4 8. cxd4
f6 9. exf6 Nxf6 10. Nf3 Qc7 11. O-O Bd6 12. Bg5 O-O 13. Bh4 Nh5 14. Qc2 h6 15.
Bh7+ Kh8 16. Bg6 Rxf3 17. Bxh5 Rf8 18. Bg3 Bd7 19. Rac1 Bxg3 20. hxg3 Rf6 21.
Bf3 Be8 22. Qd2 g5 23. Nc3 Qg7 24. Be2 Ne7 25. Nd1 Nc8 26. Ne3 h5 27. Qc3 Bg6
28. Qc7 Nb6 29. Qxg7+ Kxg7 30. Rc7+ 1/2-1/2

[Event "9.Open Internacional de Sants"]
[Site "Barcelona ESP"]
[Date "2007.09.01"]
[Round "9.18"]
[White "Matnadze, Ana"]
[Black "Mihailovs, Jurijs"]
[Result "1/2-1/2"]
[WhiteElo "2408"]
[BlackElo "2317"]
[PlyCount "62"]
[EventDate "2007.08.24"]
[EventType "swiss"]
[EventRounds "10"]
[EventCountry "ESP"]
[Source "lmi"]
[SourceDate "2007.08.24"]

1. d4 Nf6 2. c4 c5 3. d5 b5 4. cxb5 a6 5. f3 axb5 6. e4 Qa5+ 7. Bd2 b4 8. Na3
d6 9. Nc4 Qd8 10. a3 bxa3 11. Rxa3 Rxa3 12. bxa3 Ba6 13. Bd3 g6 14. Ba5 Qd7 15.
Qb3 Qb7 16. Qxb7 Bxb7 17. Ne2 Bg7 18. Bc7 O-O 19. Kd2 Ba6 20. Rb1 Nbd7 21. Nc3
Rc8 22. Nb6 Rxc7 23. Bxa6 Ra7 24. Bc4 Rxa3 25. Nba4 Nh5 26. Rb7 Bxc3+ 27. Nxc3
Ne5 28. Bf1 Kf8 29. Rb8+ Kg7 30. Rb7 Kf6 31. Be2 Nf4 1/2-1/2

[Event "9.Open Internacional de Sants"]
[Site "Barcelona ESP"]
[Date "2007.09.01"]
[Round "9.19"]
[White "Panelo, Marcelo"]
[Black "Ozeren, Kemal"]
[Result "1-0"]
[WhiteElo "2382"]
[BlackElo "2312"]
[PlyCount "91"]
[EventDate "2007.08.24"]
[EventType "swiss"]
[EventRounds "10"]
[EventCountry "ESP"]
[Source "lmi"]
[SourceDate "2007.08.24"]

1. d4 d5 2. c4 c6 3. Nf3 Nf6 4. e3 Bf5 5. Bd3 Bxd3 6. Qxd3 e6 7. O-O Nbd7 8.
Nbd2 Be7 9. e4 dxe4 10. Nxe4 Nxe4 11. Qxe4 Nf6 12. Qc2 O-O 13. Bf4 Qa5 14. Rfe1
Rfd8 15. a3 Rac8 16. b4 Qa6 17. Reb1 b5 18. c5 Qb7 19. a4 a6 20. axb5 axb5 21.
Ra5 Ra8 22. Rba1 Nd5 23. Bd2 Rxa5 24. Rxa5 Ra8 25. Qa2 Rxa5 26. Qxa5 h6 27. g3
Bf6 28. Kg2 Kh7 29. h3 Qd7 30. Qa8 Ne7 31. Qf8 Nf5 32. Be3 Qd5 33. Qxf7 Nxd4
34. Bxd4 Bxd4 35. Qf4 Bc3 36. Kh2 Qc4 37. Qf7 Qd5 38. g4 Bxb4 39. h4 Qxc5 40.
Kg2 Qc4 41. g5 Qg4+ 42. Kf1 h5 43. Ne5 Qxh4 44. Qg6+ Kh8 45. Qe8+ Kh7 46. g6+
1-0

[Event "9.Open Internacional de Sants"]
[Site "Barcelona ESP"]
[Date "2007.09.02"]
[Round "10.1"]
[White "Nijboer, Friso"]
[Black "Narciso Dublan, Marc"]
[Result "1/2-1/2"]
[WhiteElo "2568"]
[BlackElo "2552"]
[PlyCount "56"]
[EventDate "2007.08.24"]
[EventType "swiss"]
[EventRounds "10"]
[EventCountry "ESP"]
[Source "lmi"]
[SourceDate "2007.08.24"]

1. e4 e6 2. d4 d5 3. Nc3 Nf6 4. e5 Nfd7 5. f4 c5 6. Nf3 Nc6 7. Be3 Be7 8. Be2
O-O 9. Qd2 b6 10. O-O Bb7 11. Nd1 cxd4 12. Nxd4 Nxd4 13. Bxd4 Nb8 14. c3 Nc6
15. Bf2 f6 16. exf6 Bxf6 17. Be1 e5 18. Ne3 d4 19. Ng4 e4 20. Nxf6+ Qxf6 21.
cxd4 Nxd4 22. Bc4+ Kh8 23. Bh4 Qxh4 24. Qxd4 Rad8 25. Qe3 Qf6 26. b3 Qd4 27.
Qxd4 Rxd4 28. Rad1 Rfd8 1/2-1/2

[Event "9.Open Internacional de Sants"]
[Site "Barcelona ESP"]
[Date "2007.09.02"]
[Round "10.4"]
[White "Luther, Thomas"]
[Black "Feller, Sebastien"]
[Result "1/2-1/2"]
[WhiteElo "2529"]
[BlackElo "2478"]
[PlyCount "27"]
[EventDate "2007.08.24"]
[EventType "swiss"]
[EventRounds "10"]
[EventCountry "ESP"]
[Source "lmi"]
[SourceDate "2007.08.24"]

1. e4 c5 2. Nf3 d6 3. d4 Nf6 4. Nc3 cxd4 5. Nxd4 a6 6. Bg5 e6 7. f4 Nbd7 8. Qf3
Qc7 9. O-O-O b5 10. Bd3 Bb7 11. Rhe1 Qb6 12. Qe3 O-O-O 13. Nf3 Qxe3+ 14. Rxe3
1/2-1/2

[Event "9.Open Internacional de Sants"]
[Site "Barcelona ESP"]
[Date "2007.09.02"]
[Round "10.5"]
[White "Lapshun, Yury"]
[Black "Alsina Leal, Daniel"]
[Result "1/2-1/2"]
[WhiteElo "2479"]
[BlackElo "2416"]
[PlyCount "24"]
[EventDate "2007.08.24"]
[EventType "swiss"]
[EventRounds "10"]
[EventCountry "ESP"]
[Source "lmi"]
[SourceDate "2007.08.24"]

1. d4 d5 2. c4 c6 3. cxd5 cxd5 4. Nc3 Nc6 5. Nf3 Nf6 6. Bf4 Bf5 7. e3 e6 8. Bd3
Bxd3 9. Qxd3 Bd6 10. Bxd6 Qxd6 11. O-O O-O 12. Rfc1 Qd8 1/2-1/2

[Event "9.Open Internacional de Sants"]
[Site "Barcelona ESP"]
[Date "2007.09.02"]
[Round "10.6"]
[White "Almeida Quintana, Omar"]
[Black "Shengelia, Davit"]
[Result "0-1"]
[WhiteElo "2501"]
[BlackElo "2572"]
[PlyCount "108"]
[EventDate "2007.08.24"]
[EventType "swiss"]
[EventRounds "10"]
[EventCountry "ESP"]
[Source "lmi"]
[SourceDate "2007.08.24"]

1. d4 d5 2. Nf3 Nf6 3. c4 c6 4. Nc3 dxc4 5. a4 Bf5 6. Ne5 e6 7. f3 c5 8. e4
cxd4 9. exf5 Bb4 10. Bxc4 dxc3 11. Qxd8+ Kxd8 12. Ke2 cxb2 13. Bxb2 Ke7 14.
fxe6 fxe6 15. Rab1 a5 16. Nd3 Nc6 17. Nxb4 axb4 18. Rhe1 Rhd8 19. Kf1 Rd6 20.
Re2 g6 21. Rbe1 Nd5 22. Bxd5 Rxd5 23. Rxe6+ Kd7 24. Rf6 Kc7 25. Rf7+ Kb6 26.
Rxh7 Rxa4 27. Rg7 Rd6 28. Re2 b3 29. g4 Ra2 30. h4 Rd1+ 31. Kf2 Rb1 32. Bf6
Rxe2+ 33. Kxe2 b2 34. Bxb2 Rxb2+ 35. Ke3 Kc5 36. Rxg6 b5 37. h5 b4 38. h6 Rh2
39. Rg5+ Kc4 40. Rg6 Kc5 41. Rg5+ Kb6 42. Rh5 Rxh5 43. gxh5 Nd8 44. h7 Nf7 45.
Kd4 Kb5 46. Kd5 b3 47. Ke6 Nh8 48. Kf6 b2 49. Kg7 b1=Q 50. Kxh8 Qg1 51. f4 Kc6
52. f5 Kd7 53. f6 Ke8 54. h6 Kf8 0-1

[Event "9.Open Internacional de Sants"]
[Site "Barcelona ESP"]
[Date "2007.09.02"]
[Round "10.7"]
[White "Corrales Jimenez, Fidel"]
[Black "Moskalenko, Viktor"]
[Result "1-0"]
[WhiteElo "2499"]
[BlackElo "2560"]
[PlyCount "79"]
[EventDate "2007.08.24"]
[EventType "swiss"]
[EventRounds "10"]
[EventCountry "ESP"]
[Source "lmi"]
[SourceDate "2007.08.24"]

1. e4 e6 2. d4 d5 3. Nc3 Bb4 4. e5 c5 5. a3 Bxc3+ 6. bxc3 Qa5 7. Bd2 Qa4 8. Qb1
c4 9. h4 f6 10. Nf3 Nc6 11. Bf4 Qa5 12. Qb2 fxe5 13. Nxe5 Nge7 14. Nxc6 Nxc6
15. Bd6 Kd7 16. Bg3 Re8 17. Be2 Ke7 18. O-O Kf8 19. Bh5 g6 20. Bf3 Qd8 21. Rae1
b6 22. Qc1 Bd7 23. Qh6+ Kg8 24. h5 Qf6 25. Be5 Nxe5 26. Rxe5 Rf8 27. hxg6 hxg6
28. Bg4 Rf7 29. Qe3 Re8 30. f4 Rff8 31. Rf3 Kf7 32. Bh3 Rh8 33. Kf2 Qh4+ 34.
Kf1 Qf6 35. Rf2 Kf8 36. Ke1 Qe7 37. Kd2 Qxa3 38. f5 exf5 39. Bxf5 gxf5 40.
Rfxf5+ 1-0

[Event "9.Open Internacional de Sants"]
[Site "Barcelona ESP"]
[Date "2007.09.02"]
[Round "10.8"]
[White "Sulskis, Sarunas"]
[Black "Fluvia Poyatos, Jordi"]
[Result "1/2-1/2"]
[WhiteElo "2537"]
[BlackElo "2495"]
[PlyCount "104"]
[EventDate "2007.08.24"]
[EventType "swiss"]
[EventRounds "10"]
[EventCountry "ESP"]
[Source "lmi"]
[SourceDate "2007.08.24"]

1. e4 d6 2. d4 Nf6 3. Nc3 g6 4. Be3 a6 5. Be2 Bg7 6. h4 h5 7. Nh3 b5 8. Ng5 b4
9. Na4 O-O 10. a3 a5 11. f3 Nc6 12. O-O Bd7 13. c3 Qe8 14. Bb5 Rb8 15. c4 Nh7
16. Nxh7 Kxh7 17. axb4 axb4 18. b3 f5 19. exf5 Rxf5 20. Ra2 e6 21. Rd2 Qf7 22.
Nb2 Bf6 23. g4 Rfxb5 24. cxb5 Rxb5 25. Qc2 Rd5 26. Nd3 Bxd4 27. Bxd4 Rxd4 28.
gxh5 Rxh4 29. hxg6+ Qxg6+ 30. Rg2 Qf5 31. Qf2 Rh3 32. Qe3 e5 33. Rg5 Qf6 34.
Qe4+ Kh6 35. f4 Nd4 36. Nxb4 exf4 37. Rg2 f3 38. Nd5 Ne2+ 39. Qxe2 Qd4+ 40. Qf2
Qxd5 41. Rg3 Rxg3+ 42. Qxg3 Bc6 43. b4 Qd4+ 44. Rf2 Kh5 45. b5 Bd5 46. Kh2 Qh4+
47. Qxh4+ Kxh4 48. Rd2 Be4 49. b6 cxb6 50. Rxd6 Kg4 51. Rxb6 f2 52. Rb1 Bxb1
1/2-1/2

[Event "9.Open Internacional de Sants"]
[Site "Barcelona ESP"]
[Date "2007.09.02"]
[Round "10.10"]
[White "Cuartas, Jaime Alexander"]
[Black "Perez Campos, Adria"]
[Result "1-0"]
[WhiteElo "2504"]
[BlackElo "2226"]
[PlyCount "35"]
[EventDate "2007.08.24"]
[EventType "swiss"]
[EventRounds "10"]
[EventCountry "ESP"]
[Source "lmi"]
[SourceDate "2007.08.24"]

1. e4 c5 2. c3 d5 3. exd5 Qxd5 4. d4 g6 5. Nf3 Bg7 6. dxc5 Qxc5 7. Na3 Bxc3+ 8.
bxc3 Qxc3+ 9. Qd2 Qxa1 10. Nb5 Na6 11. Nc3 Bd7 12. Ne5 O-O-O 13. Bxa6 bxa6 14.
O-O Nf6 15. Qc2 Bf5 16. Ne4+ Kb8 17. Nc6+ Ka8 18. Nxd8 1-0

[Event "9.Open Internacional de Sants"]
[Site "Barcelona ESP"]
[Date "2007.09.02"]
[Round "10.11"]
[White "Bromberger, Stefan"]
[Black "Saravanan, Venkatachalam"]
[Result "1/2-1/2"]
[WhiteElo "2500"]
[BlackElo "2355"]
[PlyCount "72"]
[EventDate "2007.08.24"]
[EventType "swiss"]
[EventRounds "10"]
[EventCountry "ESP"]
[Source "lmi"]
[SourceDate "2007.08.24"]

1. e4 c5 2. Nf3 d6 3. d4 cxd4 4. Nxd4 Nf6 5. Nc3 a6 6. Bg5 e6 7. f4 Qc7 8. Qf3
b5 9. Bxf6 gxf6 10. e5 fxe5 11. Ndxb5 Qb7 12. Qxb7 Bxb7 13. Nc7+ Ke7 14. Nxa8
Bxa8 15. fxe5 dxe5 16. Rg1 e4 17. g4 Bg7 18. O-O-O Be5 19. Bg2 Bxc3 20. bxc3
Nd7 21. Rgf1 Rg8 22. Rf4 Nc5 23. Rdf1 Rg7 24. g5 Bd5 25. h4 h6 26. a3 hxg5 27.
hxg5 Rxg5 28. Rxf7+ Kd6 29. Bh1 Rg3 30. c4 Bxc4 31. Rd1+ Bd5 32. Ra7 Rxa3 33.
Kb2 Ra2+ 34. Kc3 Ra3+ 35. Kb2 Ra2+ 36. Kc3 Ra3+ 1/2-1/2

[Event "9.Open Internacional de Sants"]
[Site "Barcelona ESP"]
[Date "2007.09.02"]
[Round "10.12"]
[White "Cornette, Matthieu"]
[Black "Picard, Romain"]
[Result "1-0"]
[WhiteElo "2487"]
[BlackElo "2309"]
[PlyCount "47"]
[EventDate "2007.08.24"]
[EventType "swiss"]
[EventRounds "10"]
[EventCountry "ESP"]
[Source "lmi"]
[SourceDate "2007.08.24"]

1. e4 e5 2. Nf3 d6 3. d4 exd4 4. Nxd4 Nf6 5. Nc3 Be7 6. g3 O-O 7. Bg2 Re8 8.
O-O Bf8 9. h3 c6 10. a4 a5 11. b3 Nbd7 12. Ba3 Ne5 13. Re1 Qb6 14. Qd2 Bd7 15.
Kh2 Rad8 16. Bb2 Bc8 17. Rad1 g6 18. f4 Bg7 19. Bf3 Ned7 20. Ba1 Qc7 21. Qg2
Nb6 22. Na2 Re7 23. Qd2 Rde8 24. Nc3 1-0

[Event "9.Open Internacional de Sants"]
[Site "Barcelona ESP"]
[Date "2007.09.02"]
[Round "10.14"]
[White "Gonzalez Vidal, Yuri"]
[Black "Cortes Lizano, Jesus"]
[Result "1-0"]
[WhiteElo "2475"]
[BlackElo "2298"]
[PlyCount "65"]
[EventDate "2007.08.24"]
[EventType "swiss"]
[EventRounds "10"]
[EventCountry "ESP"]
[Source "lmi"]
[SourceDate "2007.08.24"]

1. e4 c5 2. Nf3 d6 3. d4 Nf6 4. Nc3 cxd4 5. Nxd4 a6 6. Be3 e6 7. Be2 Qc7 8. Qd2
Nbd7 9. O-O-O b6 10. g4 Ne5 11. g5 Nfd7 12. f4 Nc4 13. Bxc4 Qxc4 14. Kb1 Bb7
15. f5 e5 16. Nde2 Rc8 17. Ng3 b5 18. h4 b4 19. Nd5 Bxd5 20. exd5 Be7 21. f6
gxf6 22. Nf5 Nc5 23. Bxc5 Rxc5 24. gxf6 Bf8 25. Qg2 a5 26. Rhe1 a4 27. Rd4 Qb5
28. Qe4 b3 29. cxb3 axb3 30. a4 Qa5 31. Rb4 Rg8 32. Ng7+ Kd8 33. Rxb3 1-0

[Event "9.Open Internacional de Sants"]
[Site "Barcelona ESP"]
[Date "2007.09.02"]
[Round "10.15"]
[White "Libiszewski, Fabien"]
[Black "Alonso Rosell, Alvar"]
[Result "1-0"]
[WhiteElo "2462"]
[BlackElo "2285"]
[PlyCount "95"]
[EventDate "2007.08.24"]
[EventType "swiss"]
[EventRounds "10"]
[EventCountry "ESP"]
[Source "lmi"]
[SourceDate "2007.08.24"]

1. e4 c5 2. Nf3 d6 3. c3 Nf6 4. h3 Nbd7 5. Bd3 b6 6. O-O Bb7 7. Re1 Rc8 8. Bc2
Qc7 9. d3 e6 10. Nbd2 Be7 11. a4 a6 12. Nf1 O-O 13. Bf4 Bc6 14. d4 Qb7 15. Ng3
cxd4 16. cxd4 d5 17. e5 Ne4 18. Nd2 f5 19. f3 Nxg3 20. Bxg3 b5 21. a5 Bb4 22.
Re2 Nb8 23. Nb3 Be8 24. Be1 Be7 25. Rc1 Qa7 26. Kh1 b4 27. Bxf5 Bd7 28. Bd3 Ba4
29. Ra1 Qd7 30. Bf2 Qe8 31. Be3 Bxb3 32. Qxb3 Qh5 33. f4 Qh4 34. f5 Nc6 35.
Bxa6 Ra8 36. Bb5 Nxd4 37. Bxd4 Qxd4 38. Bd7 exf5 39. Be6+ Kh8 40. Qxd5 Qf4 41.
Qf3 Qh4 42. Bd5 Ra6 43. Bb7 Rg6 44. a6 Bc5 45. a7 Bxa7 46. Rxa7 Rg3 47. Qxf5
Rd8 48. Ra8 1-0

[Event "9.Open Internacional de Sants"]
[Site "Barcelona ESP"]
[Date "2007.09.02"]
[Round "10.17"]
[White "Vilela De Acuña, Jose Luis"]
[Black "Munoz Pantoja, Miguel"]
[Result "1/2-1/2"]
[WhiteElo "2346"]
[BlackElo "2428"]
[PlyCount "100"]
[EventDate "2007.08.24"]
[EventType "swiss"]
[EventRounds "10"]
[EventCountry "ESP"]
[Source "lmi"]
[SourceDate "2007.08.24"]

1. Nf3 c5 2. c4 Nc6 3. d4 Nf6 4. Nc3 g6 5. dxc5 Qa5 6. Qd2 Qxc5 7. b3 Bg7 8.
Bb2 O-O 9. e3 Rd8 10. Rc1 Qh5 11. Rd1 d6 12. Be2 Bg4 13. O-O Qa5 14. h3 Bxf3
15. Bxf3 Rac8 16. Qc1 a6 17. Qa1 Nd7 18. Be2 Nb6 19. Nd5 Bxb2 20. Qxb2 Nxd5 21.
Rxd5 b5 22. Rfd1 Nb4 23. R5d2 bxc4 24. Bxc4 d5 25. Bf1 e6 26. a3 Nc6 27. b4 Qb6
28. Qf6 Re8 29. h4 a5 30. b5 Qd8 31. Qxd8 Nxd8 32. e4 dxe4 33. Rd7 e5 34. Ra7
Ne6 35. Rxa5 Ra8 36. Rxa8 Rxa8 37. Ra1 Nc5 38. Bc4 Kf8 39. Bd5 Ra5 40. Bc6 Ke7
41. Rc1 Nb3 42. b6 Kd6 43. b7 Kc7 44. Rc3 Nc5 45. Bxe4 Kb8 46. Bd5 Nxb7 47.
Bxf7 Nd6 48. Bg8 h6 49. Rc6 Nf5 50. Rxg6 Nxh4 1/2-1/2

[Event "9.Open Internacional de Sants"]
[Site "Barcelona ESP"]
[Date "2007.09.02"]
[Round "10.18"]
[White "Sulashvili, Malkhaz"]
[Black "Bruned, Yvain"]
[Result "1-0"]
[WhiteElo "2437"]
[BlackElo "2307"]
[PlyCount "24"]
[EventDate "2007.08.24"]
[EventType "swiss"]
[EventRounds "10"]
[EventCountry "ESP"]
[Source "lmi"]
[SourceDate "2007.08.24"]

1. d4 Nf6 2. Nf3 e6 3. c4 b6 4. e3 Bb7 5. Nc3 d5 6. cxd5 exd5 7. Bb5+ c6 8. Bd3
Bd6 9. O-O O-O 10. e4 dxe4 11. Nxe4 Nxe4 12. Bxe4 Be7 1-0